Apprendre le luxembourgeois jours/mois - Statistiques

Statistiques générales
  • Ce quiz a été pris 13 fois
  • Le résultat moyen est 7 sur 19
Statistiques - réponses
Français Luxembourgeois / Lëtzebuergesch % Correct
Février Februar
67%
Janvier Januar
67%
Lundi Méindeg
67%
Août August
44%
Décembre Dezember
44%
Juillet Juli
44%
Juin Juni
44%
Novembre November
44%
Octobre Oktober
44%
Septembre September
44%
Dimanche Sonndeg
44%
Avril Abrëll
33%
Vendredi Freideg
33%
Mai Mee
33%
Mercredi Mëttwoch
33%
Mars Mäerz
22%
Mardi Dënschdeg
11%
Jeudi Donneschdeg
11%
Samedi Samschdeg
0%
Aucun quiz correspondant
Distribution des résultats
% des personnes avec chaque résultat
Percentile par nombre de réponses
Votre historique - résultats
Vous n’avez pas pris ce quiz